Understanding jurisprudence : an introduction to legal theory /
Saved in:
| 主要作者: | |
|---|---|
| 格式: | 图书 |
| 语言: | 英语 |
| 出版: |
New york :
Oxford University Press,
2020.
|
| 版: | 6e. |
| 标签: |
添加标签
没有标签, 成为第一个标记此记录!
|
MARC
| LEADER | 00000nam a22000005i 4500 | ||
|---|---|---|---|
| 001 | 21702259 | ||
| 003 | MU | ||
| 005 | 20220629052020.0 | ||
| 008 | 200904s2020 nyu 000 0 eng | ||
| 010 | |a 2020945543 | ||
| 020 | |a 9780198864677 |q (paperback) | ||
| 020 | |z 9780192633620 |c Tzs 83,000/= | ||
| 020 | |z 9780192633637 |q (epub) | ||
| 020 | |z 9780191896750 | ||
| 040 | |a MU Library |b eng |e AACR |c MU Library | ||
| 042 | |a pcc | ||
| 082 | |2 22 |a 340 WAC |b 1 | ||
| 100 | 1 | |a Wacks, Raymond, |e author. | |
| 245 | 1 | 0 | |a Understanding jurisprudence : |b an introduction to legal theory / |c Raymond Wacks. |
| 250 | |a 6e. | ||
| 263 | |a 2011 | ||
| 264 | 1 | |a New york : |b Oxford University Press, |c 2020. | |
| 300 | |a xx, 404p.: |b ill.; |c 25cm | ||
| 336 | |a text |b txt |2 rdacontent | ||
| 337 | |a unmediated |b n |2 rdamedia | ||
| 338 | |a volume |b nc |2 rdacarrier | ||
| 504 | |a Includes index | ||
| 505 | |a 1. What's it all about? 2. Natural law and morality 3. Classical legal positivism 4. Modern legal positivism 5. Dworkin and law's moral claims 6. Legal realism 7. Law and social theory 8. Historical and anthropological jurisprudence 9. Theories of justice 10. Rights 11. Why obey the law? 12. Why punish? 13. Critical legal theory 14. Feminist theory | ||
| 600 | |2 Jurisprudence | Law--Philosophy | Legal philosophy | ||
| 906 | |a 0 |b ibc |c orignew |d 2 |e epcn |f 20 |g y-gencatlg | ||
| 942 | |2 ddc |c BK |n 0 | ||
| 999 | |c 138 |d 138 | ||